| 000 | 00723nam a2200229 a 4500 | ||
|---|---|---|---|
| 001 | 13706 | ||
| 003 | BD-JhCC | ||
| 005 | 20240314145815.0 | ||
| 008 | 240314b 2022b |||| ||a| 001 0 b d | ||
| 020 | _a9789849649892 | ||
| 035 | _a(BD-JhCC)13706 | ||
| 040 |
_aBD-JhCC _dBD-JhCC |
||
| 041 | _aben | ||
| 082 |
_a891.443 _bCHO 2022 |
||
| 100 | _a চৌধুরী, ফয়জুল লতিফ | ||
| 245 |
_aদুর্দানা খানের চিঠি / _b ফয়জুল লতিফ চৌধুরী |
||
| 260 |
_aঢাকা: _bকথা প্রকাশ; _c2022. |
||
| 300 |
_a155 p. : _c22 cm. |
||
| 650 | _aসমকালীন উপন্যাস | ||
| 942 |
_2ddc _cBK |
||
| 999 |
_c13706 _d13706 |
||